000 00607nam a22001697a 4500
020 _qHard Cover.
082 _a200
100 _aSagar, Sadia
245 _aThermo-Mechanical Investigation of Nanoreinforcements Doped Elastomeric Nanocomposite Thermal Insulations /
_cSadia Sagar.
260 _aIslamabad:
_bSCME - NUST,
_c2014.
300 _a124 p. :
_bill. ;
_c30cm.
650 _aPhD-Material Engineering
_9123479
700 _aDr. Asghari Maqsood
_928340
856 _uhttp://10.250.8.41:8080/xmlui/handle/123456789/10641
942 _2ddc
_cSC
999 _c534401
_d534401